00825nac a22002171u 4500010001600000020001500016022001500031082001900046090001500065100003400080245005000114260003100164300003400195504004100229650002100270856008800291856007400379942002100453999001500474952011800489 a 88022763 a0471635510 a047150355x00a658.562bB2185 c4447d4447 aBanks, Jerry. 10aPrinciples of quality control /cJerry Banks. aNew York :bWiley,cc1989. axxx, 634 p. :bill. ;c26 cm. aIncludes bibliographies and indexes. 0aQuality control.423Publisher descriptionuhttp://www.loc.gov/catdir/description/wiley034/88022763.html423Table of Contentsuhttp://www.loc.gov/catdir/toc/onix05/88022763.html cBBk658.562B2185 c4447d4447 00104070aMAINbMAINc1STd2006-09-07ePurchasel1o658.562 BANp000005421r2025-07-15 00:00:00s2013-05-12yBB